| 000 | 00737nam a2200241 a 4500 | ||
|---|---|---|---|
| 001 | 27207 | ||
| 003 | BD-RjUL | ||
| 005 | 20211209051127.0 | ||
| 008 | 140324r19671964nyub b 001 0 eng d | ||
| 035 | _a(BD-RjUL)27279 | ||
| 040 |
_aNUN _beng _cNUN _dBD-RjUL |
||
| 041 | _aeng | ||
| 082 | 0 | 4 |
_a959.4 _bDOC 1967 |
| 100 | 1 |
_aDommen, Arthur J. _983498 |
|
| 245 | 1 | 0 |
_aConflict in Laos : _bthe politics of neutralization / _cArthur J. Dommen. |
| 260 |
_aNew York : _bA. Praeger, _cc1964 [Reprinted 1967]. |
||
| 300 |
_axiv, 338 p. : _bill. ; _c22 cm. |
||
| 504 | _aBibliography: p. 322-330. | ||
| 504 | _aIncludes index. | ||
| 651 | 0 |
_aLaos _xPolitics and government. _983499 |
|
| 651 | 0 |
_aLaos _xForeign relations. _983500 |
|
| 942 |
_2ddc _cBK |
||
| 999 |
_c27207 _d27207 |
||